Importance of landscape age in influencing landscape health (Registro nro. 11960)

Detalles MARC
000 -CABECERA
Campo de control 006180000a22002050004500
090 ## - CLASIFICACIÓN LOCAL
Colección AR
Consecutivo 02900
041 0# - IDIOMA
Código de idioma para texto/pista de sonido o título separado
100 1# - ASIENTO PRINCIPAL--NOMBRE PERSONAL
Nombre personal Walker, James M.
245 10 - MENCION DE TITULO
Título Importance of landscape age in influencing landscape health
650 14 - ASIENTO SECUNDARIO DE MATERIA - TERMINO TEMATICO
Término temático o nombre geográfico como elemento de entrada Ecología del paisaje
650 14 - ASIENTO SECUNDARIO DE MATERIA - TERMINO TEMATICO
Término temático o nombre geográfico como elemento de entrada Uso sostenible
650 14 - ASIENTO SECUNDARIO DE MATERIA - TERMINO TEMATICO
Término temático o nombre geográfico como elemento de entrada Edad del paisaje
650 14 - ASIENTO SECUNDARIO DE MATERIA - TERMINO TEMATICO
Término temático o nombre geográfico como elemento de entrada Restauración ecológica
651 #4 - ASIENTO SECUNDARIO DE MATERIA - NOMBRE GEOGRAFICO
-- Australia
700 1# - ASIENTO SECUNDARIO - NOMBRE PERSONAL
Nombre personal Thompson, C. H.
700 1# - ASIENTO SECUNDARIO - NOMBRE PERSONAL
Nombre personal Reddell, P.
700 1# - ASIENTO SECUNDARIO - NOMBRE PERSONAL
Nombre personal Rapports, D. J.
773 1# - Item fuente:
Título Ecosystem Health
Especificación de materiales 1294
Descripción física 1
Paginas del Articulo 7-14
Lugar, editorial y fecha de publicación 2001
Información sobre la relación 7
942 ## - ELEMENTOS ADICIONALES (KOHA)
Tipo de ítem Artículo
Existencias
Withdrawn status Lost status Damaged status No para préstamo Colección Ubicación Permanente Ubicación actual Fecha de adquisición Datos de publicación Seriada Total Checkouts Número topográfico Inventario / Código de Barras Date last seen Ejemplar Price effective from Forma de adquisición Tipo de material
      No para Préstamo Hemeroteca Bogotá Bogotá 27/02/2015 Fuera de circulación   AR 02900 013309 25/03/2015 1 25/03/2015   Artículo